Statistics for Vehicles/Transportations That Start With C

Click here to take the quiz!

General Stats

  • This quiz has been taken 24 times
  • The average score is 5 of 15

Answer Stats

Answer% Correct
Cable Car
100%
Car
100%
Cab
75%
Conestoga Wagon
55%
Cruise Ship
45%
Crane
35%
Carriage
30%
Cart
25%
Camper
15%
Chopper
10%
Combine
10%
Convertible
5%
Caravel
0%
Chairlift
0%
Clunker
0%

Score Distribution

Percentile by Number Answered

Percent of People with Each Score

Your Score History

You have not taken this quiz